[Event "DEM U12w 2023"]
[Site "Willingen GER"]
[Date "2023.05.30"]
[Round "4"]
[White "Glotz, Katharina"]
[Black "Rössling, Laura Marie"]
[Result "0-1"]
[Termination "normal"]
[Board "8"]
[WhiteElo "1411"]
[BlackElo "1312"]
[WhiteClock "00:07:47"]
[BlackClock "00:10:40"]
[PlyCount "80"]
[WhiteFideId "34631011"]
[BlackFideId "16289471"]
[EventCountry "GER"]
[EventRounds "9"]
[EventType "swiss"]
[EventDate "2023.05.27"]

1. e4 {[%clk 01:30:58]} {[%emt 00:00:02]} e5 {[%clk 01:30:49]} {[%emt
00:00:11]} 2. Nf3 {[%clk 01:31:22]} {[%emt 00:00:06]} Nc6 {[%clk 01:31:07]}
{[%emt 00:00:13]} 3. Bc4 {[%clk 01:31:42]} {[%emt 00:00:10]} Bc5 {[%clk
01:31:24]} {[%emt 00:00:12]} 4. b4 {[%clk 01:32:00]} {[%emt 00:00:11]} Bxb4
{[%clk 01:31:48]} {[%emt 00:00:07]} 5. c3 {[%clk 01:32:18]} {[%emt 00:00:12]}
Ba5 {[%clk 01:32:07]} {[%emt 00:00:11]} 6. d4 {[%clk 01:32:30]} {[%emt
00:00:18]} exd4 {[%clk 01:27:31]} {[%emt 00:05:06]} 7. O-O {[%clk 01:31:21]}
{[%emt 00:01:38]} Nf6 {[%clk 01:22:51]} {[%emt 00:05:10]} 8. Ba3 {[%clk
01:27:57]} {[%emt 00:03:54]} d6 {[%clk 01:15:21]} {[%emt 00:08:02]} 9. e5
{[%clk 01:19:19]} {[%emt 00:09:07]} Ne4 {[%clk 01:07:20]} {[%emt 00:08:31]} 10.
exd6 {[%clk 00:57:53]} {[%emt 00:21:56]} cxd6 {[%clk 00:59:01]} {[%emt
00:08:49]} 11. Re1 {[%clk 00:57:59]} {[%emt 00:00:23]} d5 {[%emt 00:02:55]} 12.
Bd3 {[%clk 00:56:01]} {[%emt 00:02:26]} dxc3 {[%clk 00:50:17]} {[%emt
00:06:52]} 13. Bxe4 {[%clk 00:48:32]} {[%emt 00:07:59]} dxe4 {[%clk 00:49:38]}
{[%emt 00:01:09]} 14. Rxe4+ {[%clk 00:48:30]} {[%emt 00:00:31]} Be6 {[%clk
00:49:57]} {[%emt 00:00:12]} 15. Qc2 {[%clk 00:46:24]} {[%emt 00:02:36]} Ne7
{[%clk 00:45:54]} {[%emt 00:04:30]} 16. Nd4 {[%clk 00:43:49]} {[%emt 00:03:07]}
O-O {[%clk 00:42:27]} {[%emt 00:03:58]} 17. Nxe6 {[%clk 00:39:48]} {[%emt
00:04:30]} fxe6 {[%clk 00:42:27]} {[%emt 00:00:31]} 18. Rxe6 {[%clk 00:36:50]}
{[%emt 00:03:28]} Rf7 {[%clk 00:41:57]} {[%emt 00:00:52]} 19. Nxc3 {[%clk
00:33:41]} {[%emt 00:03:47]} Rc8 {[%clk 00:41:50]} {[%emt 00:00:37]} 20. Rc1
{[%clk 00:32:54]} {[%emt 00:01:15]} Nd5 {[%clk 00:41:10]} {[%emt 00:01:06]} 21.
Bb2 {[%clk 00:30:04]} {[%emt 00:03:24]} Rfc7 {[%clk 00:40:01]} {[%emt
00:01:41]} 22. Qb3 {[%clk 00:18:29]} {[%emt 00:12:05]} Bxc3 {[%clk 00:37:15]}
{[%emt 00:03:16]} 23. Bxc3 {[%clk 00:17:21]} {[%emt 00:01:37]} Rxc3 {[%clk
00:37:09]} {[%emt 00:00:37]} 24. Rxc3 {[%clk 00:17:15]} {[%emt 00:00:36]} Rxc3
{[%clk 00:37:27]} {[%emt 00:00:12]} 25. Qd1 {[%clk 00:17:00]} {[%emt 00:00:44]}
Qd7 {[%clk 00:35:38]} {[%emt 00:02:17]} 26. Re1 {[%clk 00:15:10]} {[%emt
00:02:21]} Nf6 {[%clk 00:34:02]} {[%emt 00:02:07]} 27. Qe2 {[%clk 00:14:07]}
{[%emt 00:01:33]} Qc6 {[%clk 00:28:44]} {[%emt 00:05:43]} 28. Qd1 {[%clk
00:13:41]} {[%emt 00:01:00]} Qd5 {[%clk 00:27:54]} {[%emt 00:01:18]} 29. Qe2
{[%clk 00:10:31]} {[%emt 00:03:42]} Qe4 {[%clk 00:26:58]} {[%emt 00:01:26]} 30.
Qd2 {[%clk 00:09:39]} {[%emt 00:01:23]} Qd3 {[%clk 00:25:18]} {[%emt 00:02:05]}
31. Qf4 {[%clk 00:09:36]} {[%emt 00:00:38]} Rc8 {[%clk 00:20:24]} {[%emt
00:05:13]} 32. h3 {[%clk 00:09:48]} {[%emt 00:00:27]} Rf8 {[%clk 00:20:28]}
{[%emt 00:00:24]} 33. Qe5 {[%clk 00:08:48]} {[%emt 00:01:32]} Qd5 {[%clk
00:19:28]} {[%emt 00:01:24]} 34. Qb2 {[%clk 00:08:27]} {[%emt 00:01:00]} Ne4
{[%clk 00:18:03]} {[%emt 00:01:49]} 35. Rf1 {[%clk 00:08:03]} {[%emt 00:00:59]}
b6 {[%clk 00:14:44]} {[%emt 00:03:50]} 36. Qc2 {[%clk 00:07:32]} {[%emt
00:00:59]} Nc5 {[%clk 00:13:59]} {[%emt 00:01:14]} 37. Rd1 {[%clk 00:07:23]}
{[%emt 00:00:41]} Qf7 {[%clk 00:13:45]} {[%emt 00:00:36]} 38. a3 {[%clk
00:07:41]} {[%emt 00:00:21]} Qb3 {[%clk 00:13:00]} {[%emt 00:01:06]} 39. Qd2
{[%clk 00:07:52]} {[%emt 00:00:26]} Ne6 {[%clk 00:11:55]} {[%emt 00:01:13]} 40.
Qd7 {[%clk 00:07:47]} {[%emt 00:00:56]} Rd8 {[%clk 00:10:40]} {[%emt 00:01:40]}
0-1

[Event "DEM U12w 2023"]
[Site "Willingen GER"]
[Date "2023.05.30"]
[Round "4"]
[White "Leicher, Anna"]
[Black "Dhanasekaran Meenambigai, Diya"]
[Result "1-0"]
[Termination "normal"]
[Board "10"]
[WhiteElo "1306"]
[BlackElo "1440"]
[WhiteClock "01:04:36"]
[BlackClock "01:13:41"]
[PlyCount "53"]
[WhiteFideId "34614966"]
[BlackFideId "34611924"]
[EventCountry "GER"]
[EventRounds "9"]
[EventType "swiss"]
[EventDate "2023.05.27"]

1. e4 {[%clk 01:30:59]} c5 {[%clk 01:30:50]} {[%emt 00:00:11]} 2. Nf3 {[%clk
01:31:17]} {[%emt 00:00:12]} d6 {[%clk 01:31:11]} {[%emt 00:00:09]} 3. d4
{[%clk 01:31:24]} {[%emt 00:00:23]} cxd4 {[%clk 01:31:30]} {[%emt 00:00:12]} 4.
Nxd4 {[%clk 01:31:47]} {[%emt 00:00:07]} Nf6 {[%clk 01:31:49]} {[%emt
00:00:10]} 5. Nc3 {[%clk 01:32:06]} {[%emt 00:00:11]} g6 {[%clk 01:32:01]}
{[%emt 00:00:18]} 6. Be3 {[%clk 01:32:16]} {[%emt 00:00:20]} Bg7 {[%clk
01:32:05]} {[%emt 00:00:26]} 7. f3 {[%clk 01:32:22]} {[%emt 00:00:23]} Nc6
{[%clk 01:32:09]} {[%emt 00:00:27]} 8. Bc4 {[%clk 01:30:51]} {[%emt 00:01:59]}
h5 {[%clk 01:31:22]} {[%emt 00:01:18]} 9. O-O {[%clk 01:29:34]} {[%emt
00:01:48]} O-O {[%clk 01:30:52]} {[%emt 00:01:00]} 10. a3 {[%clk 01:28:32]}
{[%emt 00:01:32]} Bd7 {[%clk 01:30:19]} {[%emt 00:01:02]} 11. Kh1 {[%clk
01:28:06]} {[%emt 00:00:56]} Kh7 {[%clk 01:28:31]} {[%emt 00:02:18]} 12. Bg1
{[%clk 01:25:15]} {[%emt 00:03:22]} Rc8 {[%clk 01:27:37]} {[%emt 00:01:24]} 13.
Ba2 {[%clk 01:25:05]} {[%emt 00:00:40]} a6 {[%clk 01:26:16]} {[%emt 00:01:51]}
14. Qd2 {[%clk 01:24:01]} {[%emt 00:01:25]} Qb6 {[%clk 01:23:11]} {[%emt
00:03:44]} 15. Ne6 {[%clk 01:23:45]} {[%emt 00:00:45]} Qxb2 {[%clk 01:21:53]}
{[%emt 00:01:49]} 16. Nxf8+ {[%clk 01:23:35]} {[%emt 00:00:40]} Bxf8 {[%clk
01:21:07]} {[%emt 00:01:15]} 17. Rab1 {[%clk 01:22:26]} {[%emt 00:01:39]} Qxa3
{[%clk 01:21:14]} {[%emt 00:00:23]} 18. Rb3 {[%clk 01:22:33]} {[%emt 00:00:23]}
Qa5 {[%clk 01:20:34]} {[%emt 00:01:09]} 19. Bb6 {[%clk 01:22:30]} {[%emt
00:00:35]} Qe5 {[%clk 01:19:23]} {[%emt 00:01:39]} 20. f4 {[%clk 01:09:44]}
{[%emt 00:13:18]} Qe6 {[%clk 01:18:51]} {[%emt 00:01:01]} 21. Rbb1 {[%clk
01:09:07]} {[%emt 00:01:02]} Qg4 {[%clk 01:17:15]} {[%emt 00:02:10]} 22. h3
{[%clk 01:08:50]} {[%emt 00:00:48]} Qh4 {[%clk 01:16:03]} {[%emt 00:01:41]} 23.
Bf2 {[%clk 01:08:47]} {[%emt 00:00:33]} Qxf2 {[%clk 01:14:08]} {[%emt
00:02:27]} 24. Qxf2 {[%clk 01:05:47]} {[%emt 00:03:30]} b5 {[%clk 01:14:14]}
{[%emt 00:00:25]} 25. Bxf7 {[%clk 01:04:42]} {[%emt 00:01:34]} e6 {[%clk
01:14:11]} {[%emt 00:00:33]} 26. Qg3 {[%clk 01:04:46]} {[%emt 00:00:20]} Bg7
{[%clk 01:13:41]} {[%emt 00:01:05]} 27. Qxg6+ {[%clk 01:04:36]} {[%emt
00:00:40]} 1-0

[Event "DEM U12w 2023"]
[Site "Willingen GER"]
[Date "2023.05.30"]
[Round "4"]
[White "Tu, Audrey"]
[Black "Färber, Anna"]
[Result "0-1"]
[Termination "normal"]
[Board "11"]
[WhiteElo "1313"]
[BlackElo "1252"]
[WhiteClock "00:30:24"]
[BlackClock "00:14:28"]
[PlyCount "65"]
[WhiteFideId "34628568"]
[BlackFideId "34633480"]
[EventCountry "GER"]
[EventRounds "9"]
[EventType "swiss"]
[EventDate "2023.05.27"]

1. e4 {[%clk 01:31:00]} e6 {[%clk 01:30:49]} {[%emt 00:00:11]} 2. d4 {[%clk
01:31:28]} {[%emt 00:00:02]} d5 {[%clk 01:31:09]} {[%emt 00:00:10]} 3. exd5
{[%clk 01:31:51]} {[%emt 00:00:07]} exd5 {[%clk 01:31:31]} {[%emt 00:00:07]} 4.
Nf3 {[%clk 01:32:13]} {[%emt 00:00:08]} Nf6 {[%clk 01:31:48]} {[%emt 00:00:14]}
5. Bd3 {[%clk 01:32:15]} {[%emt 00:00:28]} c5 {[%clk 01:31:58]} {[%emt
00:00:19]} 6. O-O {[%clk 01:29:37]} {[%emt 00:03:08]} c4 {[%clk 01:32:10]}
{[%emt 00:00:18]} 7. Be2 {[%clk 01:28:05]} {[%emt 00:02:03]} Bd6 {[%clk
01:26:34]} {[%emt 00:06:05]} 8. b3 {[%clk 01:22:56]} {[%emt 00:05:40]} cxb3
{[%clk 01:24:24]} {[%emt 00:02:40]} 9. axb3 {[%clk 01:22:24]} {[%emt 00:01:01]}
O-O {[%clk 01:22:42]} {[%emt 00:02:12]} 10. Bd3 {[%clk 01:17:04]} {[%emt
00:05:51]} Nc6 {[%clk 01:19:01]} {[%emt 00:04:11]} 11. c3 {[%clk 01:08:03]}
{[%emt 00:09:31]} Bg4 {[%clk 01:15:14]} {[%emt 00:04:17]} 12. Nbd2 {[%clk
01:03:49]} {[%emt 00:04:44]} Re8 {[%clk 01:11:57]} {[%emt 00:03:47]} 13. Qc2
{[%clk 01:00:20]} {[%emt 00:03:59]} Rc8 {[%clk 01:06:52]} {[%emt 00:05:35]} 14.
Qb1 {[%clk 00:53:39]} {[%emt 00:07:10]} a6 {[%clk 01:00:22]} {[%emt 00:07:01]}
15. Ba3 {[%clk 00:50:39]} {[%emt 00:03:29]} Bxa3 {[%clk 00:53:29]} {[%emt
00:07:23]} 16. Rxa3 {[%clk 00:50:21]} {[%emt 00:00:49]} Qd6 {[%clk 00:45:20]}
{[%emt 00:08:38]} 17. Ra1 {[%clk 00:48:03]} {[%emt 00:02:49]} h6 {[%clk
00:41:36]} {[%emt 00:04:14]} 18. h3 {[%clk 00:41:47]} {[%emt 00:06:46]} Bd7
{[%clk 00:38:55]} {[%emt 00:03:09]} 19. Re1 {[%clk 00:39:22]} {[%emt 00:02:57]}
Rxe1+ {[%clk 00:36:13]} {[%emt 00:03:11]} 20. Qxe1 {[%clk 00:37:40]} {[%emt
00:02:10]} Re8 {[%clk 00:35:39]} {[%emt 00:01:07]} 21. Qb1 {[%clk 00:35:42]}
{[%emt 00:02:28]} Be6 {[%clk 00:33:08]} {[%emt 00:03:00]} 22. Nf1 {[%clk
00:33:20]} {[%emt 00:02:53]} Qf4 {[%clk 00:31:19]} {[%emt 00:02:19]} 23. Qc1
{[%clk 00:16:43]} {[%emt 00:17:07]} Qxc1 {[%clk 00:27:32]} {[%emt 00:04:15]}
24. Rxc1 {[%clk 00:16:54]} {[%emt 00:00:21]} Kf8 {[%clk 00:25:57]} {[%emt
00:02:04]} 25. Ng3 {[%clk 00:14:14]} {[%emt 00:03:10]} g6 {[%clk 00:24:42]}
{[%emt 00:01:45]} 26. c4 {[%clk 00:09:13]} {[%emt 00:05:31]} Ke7 {[%clk
00:19:58]} {[%emt 00:05:13]} 27. c5 {[%clk 00:06:12]} {[%emt 00:03:31]} Kd8
{[%clk 00:17:56]} {[%emt 00:02:32]} 28. Rb1 {[%clk 00:05:03]} {[%emt 00:01:39]}
Nb4 {[%clk 00:16:48]} {[%emt 00:01:38]} 29. Bf1 {[%clk 00:01:55]} {[%emt
00:03:38]} Kc7 {[%clk 00:15:08]} {[%emt 00:02:11]} 30. Ne5 {[%clk 00:01:26]}
{[%emt 00:00:58]} Nd7 {[%clk 00:14:23]} {[%emt 00:01:15]} 31. Nxd7 {[%clk
00:00:37]} {[%emt 00:01:19]} Kxd7 {[%clk 00:14:35]} {[%emt 00:00:18]} 32. Ne2
{[%clk 00:00:43]} {[%emt 00:00:24]} Bf5 {[%clk 00:14:28]} {[%emt 00:00:38]} 33.
Rd1 {[%clk 00:30:24]} {[%emt 00:00:41]} 0-1

[Event "DEM U12w 2023"]
[Site "Willingen GER"]
[Date "2023.05.30"]
[Round "4"]
[White "Mader, Theresa"]
[Black "Weyerer, Elea"]
[Result "1-0"]
[Termination "normal"]
[Board "12"]
[WhiteElo "1229"]
[BlackElo "1408"]
[WhiteClock "00:19:35"]
[BlackClock "00:08:15"]
[PlyCount "123"]
[WhiteFideId "34605657"]
[BlackFideId "34605770"]
[EventCountry "GER"]
[EventRounds "9"]
[EventType "swiss"]
[EventDate "2023.05.27"]

1. d4 {[%clk 01:30:59]} d5 {[%clk 01:30:53]} {[%emt 00:00:07]} 2. c4 {[%clk
01:31:21]} {[%emt 00:00:08]} c6 {[%clk 01:31:04]} {[%emt 00:00:19]} 3. Nc3
{[%clk 01:31:40]} {[%emt 00:00:11]} Nf6 {[%clk 01:31:18]} {[%emt 00:00:16]} 4.
Bf4 {[%clk 01:31:53]} {[%emt 00:00:17]} e6 {[%clk 01:29:47]} {[%emt 00:02:01]}
5. e3 {[%clk 01:31:45]} {[%emt 00:00:37]} Bd6 {[%clk 01:28:55]} {[%emt
00:01:22]} 6. Bg3 {[%clk 01:31:00]} {[%emt 00:01:16]} Bxg3 {[%clk 01:25:33]}
{[%emt 00:03:52]} 7. hxg3 {[%clk 01:31:09]} {[%emt 00:00:20]} Nbd7 {[%clk
01:24:04]} {[%emt 00:01:59]} 8. Bd3 {[%clk 01:30:19]} {[%emt 00:01:20]} dxc4
{[%clk 01:23:37]} {[%emt 00:00:58]} 9. Bxc4 {[%clk 01:30:17]} {[%emt 00:00:32]}
b5 {[%clk 01:20:03]} {[%emt 00:04:03]} 10. Bd3 {[%clk 01:28:52]} {[%emt
00:01:54]} Bb7 {[%clk 01:16:51]} {[%emt 00:03:44]} 11. Nf3 {[%clk 01:26:21]}
{[%emt 00:03:00]} a6 {[%clk 01:11:46]} {[%emt 00:05:36]} 12. Rc1 {[%clk
01:22:28]} {[%emt 00:04:22]} Rc8 {[%clk 01:08:16]} {[%emt 00:04:01]} 13. b4
{[%clk 01:16:44]} {[%emt 00:06:15]} Qe7 {[%clk 01:03:49]} {[%emt 00:04:56]} 14.
Qb3 {[%clk 01:12:33]} {[%emt 00:04:41]} e5 {[%clk 00:58:36]} {[%emt 00:05:43]}
15. dxe5 {[%clk 01:05:42]} {[%emt 00:07:20]} Nxe5 {[%clk 00:57:18]} {[%emt
00:01:49]} 16. Be2 {[%clk 01:02:29]} {[%emt 00:03:43]} O-O {[%clk 00:54:30]}
{[%emt 00:03:18]} 17. a3 {[%clk 00:58:59]} {[%emt 00:04:01]} Rfd8 {[%clk
00:49:00]} {[%emt 00:05:59]} 18. Qb1 {[%clk 00:53:05]} {[%emt 00:06:23]} Rd7
{[%clk 00:39:35]} {[%emt 00:09:48]} 19. Rh4 {[%clk 00:41:10]} {[%emt 00:12:32]}
Rcd8 {[%clk 00:34:14]} {[%emt 00:05:52]} 20. Nxe5 {[%clk 00:36:14]} {[%emt
00:05:25]} Qxe5 {[%clk 00:32:57]} {[%emt 00:01:47]} 21. Kf1 {[%clk 00:33:39]}
{[%emt 00:03:06]} g6 {[%clk 00:26:02]} {[%emt 00:07:25]} 22. Ne4 {[%clk
00:29:32]} {[%emt 00:04:36]} Nxe4 {[%clk 00:22:17]} {[%emt 00:04:16]} 23. Rxe4
{[%clk 00:27:50]} {[%emt 00:02:12]} Qd5 {[%clk 00:20:33]} {[%emt 00:02:09]} 24.
Rd4 {[%clk 00:25:22]} {[%emt 00:03:02]} Qg5 {[%clk 00:18:55]} {[%emt 00:02:03]}
25. Rxd7 {[%clk 00:23:37]} {[%emt 00:02:20]} Rxd7 {[%clk 00:19:04]} {[%emt
00:00:21]} 26. Rd1 {[%clk 00:23:04]} {[%emt 00:01:03]} Qh6 {[%clk 00:15:46]}
{[%emt 00:03:45]} 27. Kg1 {[%clk 00:22:19]} {[%emt 00:01:18]} Rxd1+ {[%clk
00:13:57]} {[%emt 00:02:20]} 28. Qxd1 {[%clk 00:21:17]} {[%emt 00:01:31]} Qg5
{[%clk 00:13:19]} {[%emt 00:01:09]} 29. Qd7 {[%clk 00:20:32]} {[%emt 00:01:14]}
Qe5 {[%clk 00:09:19]} {[%emt 00:04:23]} 30. Qxb7 {[%clk 00:19:41]} {[%emt
00:01:29]} Qc3 {[%clk 00:09:00]} {[%emt 00:00:49]} 31. Bf1 {[%clk 00:19:21]}
{[%emt 00:00:50]} Qxa3 {[%clk 00:08:59]} {[%emt 00:00:31]} 32. Qxc6 {[%clk
00:19:26]} {[%emt 00:00:25]} Qxb4 {[%clk 00:08:29]} {[%emt 00:00:59]} 33. Qxa6
{[%clk 00:19:37]} {[%emt 00:00:20]} Qb1 {[%clk 00:07:56]} {[%emt 00:00:59]} 34.
Qxb5 {[%clk 00:19:25]} {[%emt 00:00:46]} Qxb5 {[%clk 00:08:19]} {[%emt
00:00:07]} 35. Bxb5 {[%clk 00:19:47]} {[%emt 00:00:09]} Kg7 {[%clk 00:08:10]}
{[%emt 00:00:39]} 36. e4 {[%clk 00:19:01]} {[%emt 00:01:15]} f6 {[%clk
00:07:53]} {[%emt 00:00:44]} 37. f4 {[%clk 00:18:53]} {[%emt 00:00:41]} h6
{[%clk 00:07:53]} {[%emt 00:00:30]} 38. Kf2 {[%clk 00:18:59]} {[%emt 00:00:23]}
Kf7 {[%clk 00:07:50]} {[%emt 00:00:32]} 39. Bc4+ {[%clk 00:18:47]} {[%emt
00:00:43]} Ke7 {[%clk 00:08:12]} {[%emt 00:00:07]} 40. e5 {[%clk 00:18:52]}
{[%emt 00:00:26]} fxe5 {[%clk 00:07:01]} {[%emt 00:01:42]} 41. fxe5 {[%clk
00:19:07]} {[%emt 00:00:14]} Ke8 {[%clk 00:07:09]} {[%emt 00:00:19]} 42. Kf3
{[%clk 00:19:07]} {[%emt 00:00:34]} Kd7 {[%clk 00:07:22]} {[%emt 00:00:16]} 43.
Kf4 {[%clk 00:19:05]} {[%emt 00:00:33]} Ke8 {[%clk 00:07:22]} {[%emt 00:00:27]}
44. g4 {[%clk 00:19:15]} {[%emt 00:00:22]} Ke7 {[%clk 00:07:15]} {[%emt
00:00:37]} 45. g5 {[%clk 00:19:25]} {[%emt 00:00:21]} h5 {[%clk 00:07:37]}
{[%emt 00:00:08]} 46. Ke4 {[%clk 00:18:45]} {[%emt 00:01:10]} Ke8 {[%clk
00:06:53]} {[%emt 00:01:14]} 47. e6 {[%clk 00:18:46]} {[%emt 00:00:29]} Ke7
{[%clk 00:07:02]} {[%emt 00:00:20]} 48. Ke5 {[%clk 00:18:58]} {[%emt 00:00:18]}
h4 {[%clk 00:07:18]} {[%emt 00:00:11]} 49. Bb3 {[%clk 00:19:11]} {[%emt
00:00:21]} Kd8 {[%clk 00:07:02]} {[%emt 00:00:40]} 50. Kf6 {[%clk 00:19:29]}
{[%emt 00:00:17]} Ke8 {[%clk 00:06:51]} {[%emt 00:00:40]} 51. e7 {[%clk
00:19:40]} {[%emt 00:00:20]} Kd7 {[%clk 00:06:44]} {[%emt 00:00:35]} 52. Kf7
{[%clk 00:19:56]} {[%emt 00:00:17]} h3 {[%clk 00:07:07]} {[%emt 00:00:07]} 53.
gxh3 {[%clk 00:20:11]} {[%emt 00:00:14]} Kc6 {[%clk 00:07:29]} {[%emt
00:00:08]} 54. e8=Q+ {[%clk 00:20:22]} {[%emt 00:00:18]} Kc5 {[%clk 00:07:48]}
{[%emt 00:00:09]} 55. Qd7 {[%clk 00:20:04]} {[%emt 00:00:51]} Kb4 {[%clk
00:07:54]} {[%emt 00:00:20]} 56. Qc7 {[%clk 00:19:54]} {[%emt 00:00:44]} Kb5
{[%clk 00:08:09]} {[%emt 00:00:10]} 57. Ke6 {[%clk 00:19:55]} {[%emt 00:00:35]}
Kb4 {[%clk 00:07:53]} {[%emt 00:00:44]} 58. Kd5 {[%clk 00:19:51]} {[%emt
00:00:35]} Kb5 {[%clk 00:07:37]} {[%emt 00:00:33]} 59. Qc5+ {[%clk 00:19:08]}
{[%emt 00:01:25]} Ka6 {[%clk 00:07:50]} {[%emt 00:00:13]} 60. Qb4 {[%clk
00:19:18]} {[%emt 00:00:25]} Ka7 {[%clk 00:08:04]} {[%emt 00:00:16]} 61. Kc6
{[%clk 00:19:35]} {[%emt 00:00:13]} Ka6 {[%clk 00:08:15]} {[%emt 00:00:20]} 62.
Qb6# {[%emt 00:00:06]} 1-0

[Event "DEM U12w 2023"]
[Site "Willingen GER"]
[Date "2023.05.30"]
[Round "4"]
[White "Kovalskyy, Alicia"]
[Black "Myronova, Alisa"]
[Result "1/2-1/2"]
[Termination "normal"]
[Board "13"]
[WhiteElo "1496"]
[BlackElo "1314"]
[WhiteClock "00:17:58"]
[BlackClock "01:20:28"]
[PlyCount "86"]
[WhiteFideId "34612130"]
[BlackFideId "34160671"]
[EventCountry "GER"]
[EventRounds "9"]
[EventType "swiss"]
[EventDate "2023.05.27"]

1. e4 {[%clk 01:30:58]} {[%emt 00:00:01]} d5 {[%clk 01:30:43]} {[%emt
00:00:18]} 2. exd5 {[%clk 01:31:23]} {[%emt 00:00:05]} Qxd5 {[%clk 01:31:09]}
{[%emt 00:00:04]} 3. Nc3 {[%clk 01:31:44]} {[%emt 00:00:10]} Qa5 {[%clk
01:31:34]} {[%emt 00:00:05]} 4. d4 {[%clk 01:32:09]} {[%emt 00:00:04]} c6
{[%clk 01:31:57]} {[%emt 00:00:07]} 5. Bc4 {[%clk 01:32:26]} {[%emt 00:00:12]}
Bf5 {[%clk 01:31:52]} {[%emt 00:00:35]} 6. Bd2 {[%clk 01:32:48]} {[%emt
00:00:09]} Qc7 {[%clk 01:32:16]} {[%emt 00:00:06]} 7. Nf3 {[%clk 01:29:43]}
{[%emt 00:03:34]} e6 {[%clk 01:32:31]} {[%emt 00:00:15]} 8. Nh4 {[%clk
01:27:55]} {[%emt 00:02:17]} Bg6 {[%clk 01:32:40]} {[%emt 00:00:21]} 9. Nxg6
{[%clk 01:27:48]} {[%emt 00:00:37]} hxg6 {[%clk 01:33:02]} {[%emt 00:00:08]}
10. h3 {[%clk 01:27:23]} {[%emt 00:00:55]} Nd7 {[%clk 01:33:04]} {[%emt
00:00:28]} 11. Qe2 {[%clk 01:11:44]} {[%emt 00:16:09]} O-O-O {[%clk 01:32:43]}
{[%emt 00:00:52]} 12. O-O-O {[%clk 01:10:55]} {[%emt 00:01:19]} Ngf6 {[%clk
01:32:53]} {[%emt 00:00:18]} 13. Bb3 {[%clk 00:50:56]} {[%emt 00:20:30]} Nb6
{[%clk 01:31:26]} {[%emt 00:01:57]} 14. Be3 {[%clk 00:47:48]} {[%emt 00:03:37]}
Nfd5 {[%clk 01:31:08]} {[%emt 00:00:42]} 15. Nxd5 {[%clk 00:44:57]} {[%emt
00:03:27]} Nxd5 {[%clk 01:29:04]} {[%emt 00:02:34]} 16. Bxd5 {[%clk 00:45:00]}
{[%emt 00:00:25]} exd5 {[%clk 01:29:21]} {[%emt 00:00:16]} 17. Qg4+ {[%clk
00:44:44]} {[%emt 00:00:44]} Qd7 {[%clk 01:29:08]} {[%emt 00:00:44]} 18. Qxd7+
{[%clk 00:43:52]} {[%emt 00:01:23]} Rxd7 {[%clk 01:29:31]} {[%emt 00:00:07]}
19. Rhe1 {[%clk 00:44:18]} {[%emt 00:00:03]} Bb4 {[%clk 01:29:13]} {[%emt
00:00:45]} 20. Bd2 {[%clk 00:44:22]} {[%emt 00:00:29]} Bxd2+ {[%clk 01:29:31]}
{[%emt 00:00:13]} 21. Rxd2 {[%clk 00:44:44]} {[%emt 00:00:08]} Kd8 {[%clk
01:29:22]} {[%emt 00:00:39]} 22. Rde2 {[%clk 00:44:57]} {[%emt 00:00:17]} g5
{[%clk 01:24:21]} {[%emt 00:05:29]} 23. Re3 {[%clk 00:43:31]} {[%emt 00:01:57]}
f6 {[%clk 01:24:17]} {[%emt 00:00:34]} 24. c3 {[%clk 00:43:28]} {[%emt
00:00:34]} Rf8 {[%clk 01:23:52]} {[%emt 00:00:53]} 25. Kd2 {[%clk 00:42:10]}
{[%emt 00:01:48]} Kc7 {[%clk 01:20:04]} {[%emt 00:04:19]} 26. Re7 {[%clk
00:40:58]} {[%emt 00:01:41]} Rf7 {[%clk 01:20:02]} {[%emt 00:00:32]} 27. Rxf7
{[%clk 00:34:07]} {[%emt 00:07:22]} Rxf7 {[%clk 01:20:23]} {[%emt 00:00:08]}
28. Re3 {[%clk 00:34:11]} {[%emt 00:00:26]} Kd7 {[%clk 01:20:37]} {[%emt
00:00:16]} 29. Ke2 {[%clk 00:33:43]} {[%emt 00:00:58]} Re7 {[%clk 01:20:55]}
{[%emt 00:00:12]} 30. Kf3 {[%clk 00:33:03]} {[%emt 00:01:10]} Rxe3+ {[%clk
01:21:19]} {[%emt 00:00:07]} 31. fxe3 {[%clk 00:33:05]} {[%emt 00:00:29]} g6
{[%clk 01:21:32]} {[%emt 00:00:17]} 32. g3 {[%clk 00:30:47]} {[%emt 00:02:48]}
Ke6 {[%clk 01:21:29]} {[%emt 00:00:33]} 33. g4 {[%clk 00:29:18]} {[%emt
00:01:59]} f5 {[%clk 01:21:33]} {[%emt 00:00:26]} 34. Kg3 {[%clk 00:28:26]}
{[%emt 00:01:21]} Kf6 {[%clk 01:21:24]} {[%emt 00:00:39]} 35. Kf3 {[%clk
00:25:55]} {[%emt 00:03:01]} a5 {[%clk 01:20:51]} {[%emt 00:01:04]} 36. b3
{[%clk 00:24:34]} {[%emt 00:01:51]} b5 {[%clk 01:20:56]} {[%emt 00:00:25]} 37.
b4 {[%clk 00:23:29]} {[%emt 00:01:35]} a4 {[%clk 01:20:54]} {[%emt 00:00:32]}
38. a3 {[%clk 00:23:24]} {[%emt 00:00:33]} Ke6 {[%clk 01:20:37]} {[%emt
00:00:48]} 39. Kg3 {[%clk 00:23:41]} {[%emt 00:00:14]} Kf7 {[%clk 01:21:02]}
{[%emt 00:00:04]} 40. Kf3 {[%clk 00:17:35]} {[%emt 00:06:36]} Kf6 {[%clk
01:20:51]} {[%emt 00:00:42]} 41. Kg3 {[%clk 00:17:48]} {[%emt 00:00:17]} Ke6
{[%clk 01:21:13]} {[%emt 00:00:08]} 42. Kf3 {[%clk 00:17:58]} {[%emt 00:00:19]}
Kf6 {[%clk 01:20:38]} {[%emt 00:01:04]} 43. Kg3 {[%clk 00:17:58]} {[%emt
00:00:31]} Ke6 {[%clk 01:20:28]} 1/2-1/2